| 000 | 00564nam a2200181 a 4500 | ||
|---|---|---|---|
| 001 | 43426 | ||
| 005 | 20180714021940.0 | ||
| 008 | 140415s1980 000 0 spa d | ||
| 041 | _aspa | ||
| 082 |
_a972.0622 _bNAV |
||
| 100 | 1 | _aNAVARRETE, HERIBERTO | |
| 245 | 1 | 0 |
_aPOR DIOS Y POR LA PATRIA : _bMEMORIAS DE MI PARTICIPACION EN LA DEFENSA DE LA LIBER... |
| 250 | _a4a ed. | ||
| 260 |
_a[s.l.] : _bTRADICION, _c1980 |
||
| 300 | _a272 | ||
| 490 | _aEPISODIOS NACIONALES MEXICANOS | ||
| 650 | 1 | 4 |
_aMEXICO _xHISTORIA _xCONFLICTO RELIGIOSO, 1926 _x1929 |
| 999 |
_c43426 _d43426 |
||